[Event "XLV Badalona Open 2019"]
[Site "Badalona"]
[Date "2019.08.07"]
[Round "6.5"]
[White "Hernandez, Cristian Andres"]
[Black "Harikrishnan.A.Ra"]
[Result "1-0"]
[WhiteElo "2355"]
[BlackElo "2401"]
[Annotator "ChessBase"]
[PlyCount "133"]
[EventDate "2019.08.02"]
[EventType "swiss"]
[EventCountry "ESP"]
[SourceTitle "playchess.com"]
[Source "ChessBase"]
[SourceQuality "1"]
[TimeControl "5400+30"]

1. e4 {[%emt 0:01:11]} e5 {[%emt 0:00:00]} 2. Nf3 Nc6 3. Bb5 {[%emt 0:00:38]} a6 {[%emt 0:00:00]} 4. Ba4 {[%emt 0:00:26]} Nf6 {[%emt 0:05:32]} 5. Nc3 d6 {[%emt 0:00:02]} 6. Bxc6+ {[%emt 0:17:19]} bxc6 {[%emt 0:00:29]} 7. d4 {[%emt 0:00:00]} exd4 {[%emt 0:03:17]} 8. Qxd4 {[%emt 0:03:11]} c5 {[%emt 0:03:27]} 9. Qd3 {[%emt 0:01:53]} Be7 {[%emt 0:01:59]} 10. Bg5 {[%emt 0:06:51]} O-O {[%emt 0:02:28]} 11. O-O {[%emt 0:00:38]} h6 {[%emt 0:05:55]} 12. Bh4 {[%emt 0:08:21]} Bg4 {[%emt 0:00:36]} 13. Rfe1 Nd7 {[%emt 0:01:45]} 14. Bxe7 {[%emt 0:01:05]} Qxe7 {[%emt 0:00:05]} 15. Nd5 {[%emt 0:02:46]} Qd8 {[%emt 0:04:58]} 16. h3 {[%emt 0:05:06]} Bh5 {[%emt 0:01:55]} 17. Nd2 {[%emt 0:05:24]} Bg6 {[%emt 0:02:48]} 18. Qg3 {[%emt 0:01:02]} Rb8 {[%emt 0:02:07]} 19. b3 {[%emt 0:05:11]} Re8 20. Nf4 {[%emt 0:00:14]} Bh7 {[%emt 0:03:51]} 21. Nh5 Qg5 {[%emt 0:04:39]} 22. Qxg5 {[%emt 0:01:18]} hxg5 {[%emt 0:00:22]} 23. f3 {[%emt 0:02:40]} Ne5 {[%emt 0:04:36]} 24. Ng3 {[%emt 0:07:20]} Nc6 {[%emt 0:06:04]} 25. Kf2 {[%emt 0:00:37]} Nb4 {[%emt 0:00:33]} 26. Rec1 {[%emt 0:09:12]} a5 {[%emt 0:00:29]} 27. Nc4 {[%emt 0:06:03]} Ra8 {[%emt 0:06:07]} 28. Ne3 {[%emt 0:01:33]} a4 {[%emt 0:17:04]} 29. Ne2 {[%emt 0:02:12]} c6 {[%emt 0:00:23]} 30. a3 {[%emt 0:02:09]} Na6 {[%emt 0:03:05]} 31. Rd1 {[%emt 0:01:03]} axb3 {[%emt 0:04:20]} 32. Rxd6 {[%emt 0:01:25]} bxc2 {[%emt 0:02:36]} 33. Rc1 {[%emt 0:00:31]} Nc7 {[%emt 0:00:30]} 34. Rxc2 {[%emt 0:00:30]} Ne6 {[%emt 0:02:10]} 35. Rc3 {[%emt 0:02:53]} Ra6 {[%emt 0:00:30]} 36. Nc4 {[%emt 0:00:34]} Rea8 {[%emt 0:03:01]} 37. Ke3 {[%emt 0:00:30]} Kf8 {[%emt 0:00:24]} 38. Rd7 {[%emt 0:02:35]} f6 {[%emt 0:01:29]} 39. g3 {[%emt 0:03:06]} Bg8 {[%emt 0:01:39]} 40. f4 {[%emt 0:00:30]} Ke8 {[%emt 0:00:43]} 41. Rb7 {[%emt 0:00:29]} Rd8 {[%emt 0:01:02]} 42. e5 {[%emt 0:00:30]} Kf8 {[%emt 0:01:47]} 43. Nd6 {[%emt 0:01:30]} gxf4+ {[%emt 0:00:30]} 44. gxf4 {[%emt 0:00:37]} g5 {[%emt 0:01:49]} 45. fxg5 {[%emt 0:00:09]} Nxg5 {[%emt 0:00:30]} 46. Nf4 {[%emt 0:00:30]} Bh7 {[%emt 0:00:37]} 47. Rxh7 {[%emt 0:00:45]} Nxh7 {[%emt 0:00:07]} 48. Ne6+ {[%emt 0:00:10]} Ke7 {[%emt 0:00:15]} 49. Nxd8 {[%emt 0:00:07]} Kxd8 {[%emt 0:00:05]} 50. Nb7+ {[%emt 0:00:31]} Ke7 {[%emt 0:00:13]} 51. Nxc5 {[%emt 0:00:09]} Ra8 {[%emt 0:00:30]} 52. Rb3 {[%emt 0:00:30]} Nf8 {[%emt 0:03:43]} 53. Rb7+ {[%emt 0:00:10]} Ke8 {[%emt 0:00:00]} 54. exf6 {[%emt 0:01:27]} Rxa3+ {[%emt 0:00:21]} 55. Ke4 {[%emt 0:00:43]} Rxh3 {[%emt 0:00:44]} 56. Re7+ {[%emt 0:00:30]} Kd8 {[%emt 0:00:03]} 57. Nb7+ {[%emt 0:00:59]} Kc8 {[%emt 0:00:01]} 58. Nd6+ {[%emt 0:00:23]} Kb8 {[%emt 0:00:19]} 59. f7 {[%emt 0:00:46]} Nh7 {[%emt 0:00:30]} 60. Kf5 {[%emt 0:00:30]} Rh6 {[%emt 0:00:35]} 61. Ne4 {[%emt 0:00:30]} Kc8 {[%emt 0:00:30]} 62. Re8+ {[%emt 0:00:12]} Kd7 {[%emt 0:03:31]} 63. Rh8 Rh1 {[%emt 0:01:17]} 64. Rxh7 {[%emt 0:01:07]} Rf1+ {[%emt 0:00:00]} 65. Kg6 {[%emt 0:00:09]} Ke7 {[%emt 0:00:00]} 66. Ng5 {[%emt 0:00:30]} Rf6+ {[%emt 0:00:12]} 67. Kg7 {[%emt 0:00:32]} 1-0

[Event "XLV Badalona Open 2019"]
[Site "Badalona"]
[Date "2019.08.07"]
[Round "6.6"]
[White "Perpinya Rofes, Lluis Maria"]
[Black "Mascaro March, Pedro"]
[Result "0-1"]
[WhiteElo "2319"]
[BlackElo "2376"]
[Annotator "ChessBase"]
[PlyCount "206"]
[EventDate "2019.08.02"]
[EventType "swiss"]
[EventCountry "ESP"]
[SourceTitle "playchess.com"]
[Source "ChessBase"]
[SourceQuality "1"]
[TimeControl "5400+30"]

1. e4 d5 {[%emt 0:03:05]} 2. exd5 {[%emt 0:00:00]} Qxd5 {[%emt 0:00:23]} 3. Nc3 {[%emt 0:00:34]} Qd8 {[%emt 0:00:06]} 4. d4 {[%emt 0:00:59]} Nf6 {[%emt 0:00:18]} 5. Nf3 {[%emt 0:02:42]} g6 {[%emt 0:00:56]} 6. Bf4 {[%emt 0:03:40]} a6 {[%emt 0:00:25]} 7. Ne5 {[%emt 0:05:02]} Bg7 {[%emt 0:03:20]} 8. Qd2 {[%emt 0:03:36]} O-O {[%emt 0:00:42]} 9. O-O-O {[%emt 0:09:12]} b5 {[%emt 0:02:54]} 10. Bh6 {[%emt 0:09:07]} Bb7 {[%emt 0:02:15]} 11. f3 {[%emt 0:04:01]} Nbd7 {[%emt 0:00:08]} 12. Bxg7 {[%emt 0:08:09]} Kxg7 {[%emt 0:02:28]} 13. Qf4 {[%emt 0:08:36]} Nb6 {[%emt 0:07:57]} 14. h4 {[%emt 0:02:55]} Qd6 {[%emt 0:06:51]} 15. h5 {[%emt 0:15:45]} Nxh5 {[%emt 0:00:04]} 16. Rxh5 {[%emt 0:00:08]} gxh5 {[%emt 0:00:12]} 17. Qg5+ {[%emt 0:00:10]} Kh8 {[%emt 0:02:18]} 18. Qxh5 {[%emt 0:03:37]} Qf6 {[%emt 0:01:42]} 19. Bd3 {[%emt 0:10:20]} h6 {[%emt 0:03:51]} 20. Kb1 {[%emt 0:02:13]} Kg7 {[%emt 0:06:31]} 21. Rh1 {[%emt 0:02:32]} Rh8 {[%emt 0:02:29]} 22. Rh4 {[%emt 0:00:53]} Rag8 {[%emt 0:23:21]} 23. g3 {[%emt 0:05:42]} Kf8 {[%emt 0:01:00]} 24. Rg4 {[%emt 0:00:09]} Rxg4 {[%emt 0:03:35]} 25. Qxg4 {[%emt 0:00:32]} h5 {[%emt 0:05:08]} 26. Qh3 {[%emt 0:01:14]} Kg7 {[%emt 0:05:20]} 27. Ne2 {[%emt 0:00:39]} Bc8 {[%emt 0:00:00]} 28. Qh2 {[%emt 0:00:34]} c5 {[%emt 0:06:50]} 29. Nf4 {[%emt 0:00:37]} Qg5 {[%emt 0:03:29]} 30. g4 {[%emt 0:00:44]} Kf8 {[%emt 0:00:12]} 31. Nxh5 {[%emt 0:00:33]} Qe3 {[%emt 0:00:16]} 32. a3 {[%emt 0:00:26]} Qxd4 {[%emt 0:02:00]} 33. c3 {[%emt 0:00:33]} Qe3 {[%emt 0:00:58]} 34. Qg3 {[%emt 0:00:27]} Be6 {[%emt 0:01:28]} 35. Be4 {[%emt 0:00:25]} Qe2 {[%emt 0:00:19]} 36. Nd3 {[%emt 0:00:07]} Qd1+ {[%emt 0:00:15]} 37. Nc1 {[%emt 0:00:41]} Qd6 {[%emt 0:00:54]} 38. Qf2 {[%emt 0:00:27]} Nc4 {[%emt 0:00:34]} 39. Nd3 {[%emt 0:00:37]} Ne5 {[%emt 0:00:53]} 40. Qxc5 {[%emt 0:00:03]} Nxd3 41. Qxd6 {[%emt 0:00:03]} exd6 {[%emt 0:00:36]} 42. Bxd3 {[%emt 0:00:51]} Bd5 {[%emt 0:00:08]} 43. Be2 {[%emt 0:00:27]} Ke7 {[%emt 0:01:54]} 44. Kc2 {[%emt 0:00:10]} Bc4 {[%emt 0:00:21]} 45. Bd1 {[%emt 0:00:21]} a5 {[%emt 0:01:36]} 46. b3 Bd5 {[%emt 0:00:09]} 47. Be2 {[%emt 0:00:40]} Bc6 {[%emt 0:01:16]} 48. Kd3 {[%emt 0:02:02]} f5 49. Ke3 {[%emt 0:00:05]} fxg4 {[%emt 0:00:40]} 50. fxg4 {[%emt 0:00:49]} Ke6 {[%emt 0:00:59]} 51. Bd3 {[%emt 0:00:37]} Ke5 {[%emt 0:00:34]} 52. Nf4 {[%emt 0:00:31]} Rh1 {[%emt 0:00:49]} 53. Ne2 {[%emt 0:00:10]} Rh3+ {[%emt 0:00:38]} 54. Kd2 {[%emt 0:00:40]} Rh2 {[%emt 0:00:55]} 55. Ke3 {[%emt 0:00:20]} Bd7 {[%emt 0:00:33]} 56. g5 {[%emt 0:00:12]} Rg2 {[%emt 0:00:26]} 57. g6 {[%emt 0:00:52]} Bf5 {[%emt 0:00:11]} 58. Bxb5 {[%emt 0:00:17]} Bxg6 {[%emt 0:00:12]} 59. b4 {[%emt 0:00:12]} axb4 {[%emt 0:00:12]} 60. axb4 {[%emt 0:00:36]} Rh2 {[%emt 0:00:13]} 61. Nd4 {[%emt 0:01:15]} Be4 {[%emt 0:00:09]} 62. Be2 {[%emt 0:00:30]} Rh3+ {[%emt 0:00:30]} 63. Kd2 Kf4 {[%emt 0:00:05]} 64. Ne6+ {[%emt 0:00:30]} Ke5 {[%emt 0:00:12]} 65. Nd4 {[%emt 0:00:26]} Bd5 {[%emt 0:00:15]} 66. Nb5 {[%emt 0:00:16]} Rh2 {[%emt 0:01:19]} 67. Nd4 {[%emt 0:00:44]} Rg2 {[%emt 0:00:07]} 68. Ke3 {[%emt 0:00:47]} Rg3+ {[%emt 0:00:33]} 69. Kd2 {[%emt 0:00:34]} Be4 {[%emt 0:00:14]} 70. Nb5 {[%emt 0:00:13]} Rg1 {[%emt 0:00:53]} 71. Nd4 Kf4 {[%emt 0:00:06]} 72. Ne6+ {[%emt 0:00:47]} Ke5 {[%emt 0:00:33]} 73. Nd4 {[%emt 0:00:04]} Bd5 {[%emt 0:01:10]} 74. Ke3 {[%emt 0:00:15]} Rg3+ {[%emt 0:00:15]} 75. Kd2 {[%emt 0:00:10]} Ke4 {[%emt 0:01:10]} 76. Nb5 {[%emt 0:00:02]} Ke5 {[%emt 0:00:19]} 77. Nd4 {[%emt 0:00:28]} Rg1 {[%emt 0:00:29]} 78. Ke3 {[%emt 0:00:51]} Ra1 {[%emt 0:00:37]} 79. Bd3 {[%emt 0:01:15]} Ra3 {[%emt 0:00:32]} 80. Kd2 {[%emt 0:01:14]} Be4 {[%emt 0:00:33]} 81. Be2 {[%emt 0:00:30]} Kf4 {[%emt 0:00:45]} 82. Ne6+ {[%emt 0:00:00]} Kf5 {[%emt 0:00:06]} 83. Nd4+ {[%emt 0:01:02]} Ke5 {[%emt 0:00:49]} 84. Bc4 {[%emt 0:00:26]} Bd5 {[%emt 0:00:52]} 85. Bd3 {[%emt 0:00:56]} Kf4 86. Ne2+ {[%emt 0:00:05]} Ke5 {[%emt 0:01:16]} 87. Nd4 Be4 {[%emt 0:00:58]} 88. Bc4 {[%emt 0:00:59]} d5 {[%emt 0:00:28]} 89. Be2 {[%emt 0:00:51]} Bg6 {[%emt 0:00:18]} 90. Nb5 {[%emt 0:00:19]} Ra2+ {[%emt 0:00:11]} 91. Ke3 {[%emt 0:00:24]} Rc2 {[%emt 0:01:15]} 92. Bd1 {[%emt 0:00:23]} Rh2 {[%emt 0:00:21]} 93. Nd4 {[%emt 0:00:42]} Rh3+ {[%emt 0:00:06]} 94. Nf3+ {[%emt 0:00:50]} Kd6 {[%emt 0:00:49]} 95. Kd2 {[%emt 0:00:21]} Bh5 {[%emt 0:00:34]} 96. Ke3 {[%emt 0:00:17]} Rh1 {[%emt 0:00:39]} 97. Be2 {[%emt 0:00:08]} Bxf3 {[%emt 0:00:30]} 98. Bxf3 {[%emt 0:00:48]} Rh3 {[%emt 0:00:00]} 99. Kf4 Rh4+ {[%emt 0:00:06]} 100. Ke3 {[%emt 0:00:41]} Ke5 {[%emt 0:00:14]} 101. Kd2 {[%emt 0:00:32]} Rh3 {[%emt 0:00:34]} 102. Bd1 Kd6 103. Bb3 {[%emt 0:01:04]} d4 0-1

[Event "XLV Badalona Open 2019"]
[Site "Badalona"]
[Date "2019.08.07"]
[Round "6.7"]
[White "Cruz, Filemon"]
[Black "Lopez Gonzalez, Abel Fabian"]
[Result "0-1"]
[WhiteElo "2304"]
[BlackElo "2355"]
[Annotator "ChessBase"]
[PlyCount "102"]
[EventDate "2019.08.02"]
[EventType "swiss"]
[EventCountry "ESP"]
[SourceTitle "playchess.com"]
[Source "ChessBase"]
[SourceQuality "1"]
[TimeControl "5400+30"]

1. c4 {[%emt 0:00:00]} e6 {[%emt 0:04:33]} 2. Nf3 d5 {[%emt 0:00:08]} 3. d4 {[%emt 0:00:58]} c5 {[%emt 0:00:30]} 4. cxd5 {[%emt 0:00:12]} exd5 {[%emt 0:00:00]} 5. g3 {[%emt 0:00:23]} Nc6 {[%emt 0:00:00]} 6. Bg2 {[%emt 0:00:28]} Nf6 {[%emt 0:00:00]} 7. O-O {[%emt 0:00:52]} Be7 {[%emt 0:00:00]} 8. Nc3 {[%emt 0:03:28]} O-O {[%emt 0:00:03]} 9. dxc5 {[%emt 0:00:30]} Bxc5 {[%emt 0:00:09]} 10. Bg5 {[%emt 0:05:09]} d4 {[%emt 0:00:01]} 11. Ne4 {[%emt 0:00:30]} Be7 {[%emt 0:00:03]} 12. Nxf6+ {[%emt 0:00:21]} Bxf6 {[%emt 0:04:11]} 13. Qd2 h6 {[%emt 0:00:01]} 14. Bxf6 {[%emt 0:00:51]} Qxf6 {[%emt 0:01:53]} 15. Rfd1 {[%emt 0:00:50]} Rd8 {[%emt 0:03:44]} 16. Ne1 {[%emt 0:00:22]} Bg4 {[%emt 0:01:22]} 17. h3 {[%emt 0:00:49]} Be6 {[%emt 0:00:31]} 18. Nd3 {[%emt 0:01:34]} Bd5 {[%emt 0:02:58]} 19. Qf4 {[%emt 0:01:06]} Qe7 {[%emt 0:07:30]} 20. Rd2 Rd6 {[%emt 0:00:02]} 21. Bxd5 {[%emt 0:04:30]} Rxd5 {[%emt 0:11:00]} 22. Rad1 {[%emt 0:07:04]} Qe6 {[%emt 0:15:40]} 23. Qg4 {[%emt 0:12:18]} Qf6 {[%emt 0:02:35]} 24. h4 {[%emt 0:02:10]} Re8 {[%emt 0:09:37]} 25. Rc1 {[%emt 0:01:40]} Qe7 {[%emt 0:01:28]} 26. Qf3 {[%emt 0:05:37]} Rd6 {[%emt 0:04:40]} 27. Rcc2 {[%emt 0:02:59]} Rf6 {[%emt 0:00:22]} 28. Qg2 {[%emt 0:01:39]} Rf5 {[%emt 0:04:07]} 29. b3 {[%emt 0:04:20]} Qa3 {[%emt 0:01:31]} 30. Rc4 {[%emt 0:01:04]} Qa5 {[%emt 0:05:27]} 31. Rdc2 {[%emt 0:03:29]} Rf6 {[%emt 0:04:07]} 32. b4 {[%emt 0:05:29]} Qb6 {[%emt 0:04:15]} 33. a4 {[%emt 0:12:59]} a6 {[%emt 0:01:01]} 34. Rc5 {[%emt 0:00:36]} Rfe6 {[%emt 0:05:34]} 35. b5 {[%emt 0:07:08]} Nd8 {[%emt 0:03:37]} 36. Qf3 {[%emt 0:00:54]} axb5 {[%emt 0:00:50]} 37. axb5 {[%emt 0:00:39]} Qa5 {[%emt 0:02:14]} 38. Kg2 {[%emt 0:01:50]} R6e7 {[%emt 0:00:37]} 39. Nf4 Ne6 {[%emt 0:00:09]} 40. Nxe6 {[%emt 0:00:54]} fxe6 41. Re5 {[%emt 0:05:13]} Qb6 {[%emt 0:00:55]} 42. Qe4 {[%emt 0:00:16]} Rf8 {[%emt 0:01:22]} 43. Rd2 {[%emt 0:03:59]} Rd7 {[%emt 0:02:02]} 44. e3 {[%emt 0:01:38]} Qa5 {[%emt 0:00:40]} 45. Rxd4 {[%emt 0:01:34]} Qe1 46. Qc2 {[%emt 0:00:14]} Rc7 {[%emt 0:00:39]} 47. Qd2 {[%emt 0:00:30]} Qa1 {[%emt 0:00:00]} 48. Rxe6 {[%emt 0:02:12]} Rc1 {[%emt 0:00:00]} 49. Rd8 {[%emt 0:00:30]} Rg1+ {[%emt 0:00:04]} 50. Kh3 Qf1+ {[%emt 0:00:52]} 51. Kg4 {[%emt 0:00:16]} Qc4+ 0-1

[Event "XLV Badalona Open 2019"]
[Site "Badalona"]
[Date "2019.08.07"]
[Round "6.8"]
[White "Bru Rullo, Samuel"]
[Black "Korobitsyna, Olesya"]
[Result "1-0"]
[WhiteElo "1867"]
[BlackElo "1609"]
[Annotator "NA"]
[PlyCount "205"]
[EventDate "2019.08.02"]
[EventType "swiss"]
[EventCountry "ESP"]
[SourceTitle "playchess.com"]
[Source "ChessBase"]
[SourceQuality "1"]
[TimeControl "5400+30"]

1. d4 g6 {[%emt 0:00:00]} 2. c4 {[%emt 0:00:00]} Bg7 3. Nc3 {[%emt 0:00:00]} d6 {[%emt 0:00:07]} 4. e4 {[%emt 0:00:04]} Nf6 {[%emt 0:00:20]} 5. Be2 {[%emt 0:00:25]} O-O 6. Be3 {[%emt 0:00:21]} Nbd7 {[%emt 0:05:06]} 7. g4 {[%emt 0:00:08]} e5 {[%emt 0:05:13]} 8. d5 Ne8 {[%emt 0:05:52]} 9. h4 {[%emt 0:01:13]} f5 {[%emt 0:00:11]} 10. gxf5 {[%emt 0:01:26]} gxf5 {[%emt 0:01:00]} 11. exf5 {[%emt 0:16:55]} Rxf5 {[%emt 0:07:39]} 12. h5 {[%emt 0:04:00]} Rf8 {[%emt 0:06:17]} 13. Nh3 Qh4 {[%emt 0:00:12]} 14. Bg5 {[%emt 0:12:22]} Qd4 {[%emt 0:00:58]} 15. h6 {[%emt 0:05:16]} Qxd1+ 16. Rxd1 {[%emt 0:01:11]} Bf6 {[%emt 0:01:01]} 17. Rg1 {[%emt 0:01:06]} Kh8 {[%emt 0:09:08]} 18. Be3 {[%emt 0:14:19]} Nb6 {[%emt 0:01:15]} 19. Ng5 {[%emt 0:09:31]} Bf5 {[%emt 0:02:08]} 20. Nce4 {[%emt 0:00:11]} Be7 21. b3 {[%emt 0:00:35]} Nf6 {[%emt 0:04:05]} 22. Nxf6 {[%emt 0:05:50]} Rxf6 23. Kd2 Bf8 {[%emt 0:09:19]} 24. Bh5 {[%emt 0:00:55]} Bg6 {[%emt 0:00:23]} 25. Bxg6 {[%emt 0:04:59]} Rxg6 {[%emt 0:16:09]} 26. Rg3 Kg8 27. Ne4 {[%emt 0:02:19]} Rxg3 {[%emt 0:01:56]} 28. Nxg3 {[%emt 0:00:01]} Kf7 {[%emt 0:01:49]} 29. Rg1 {[%emt 0:00:45]} Be7 {[%emt 0:00:50]} 30. Ne4 {[%emt 0:08:25]} Rg8 31. Rxg8 {[%emt 0:00:38]} Kxg8 {[%emt 0:00:41]} 32. Ng5 {[%emt 0:00:02]} Bxg5 {[%emt 0:00:43]} 33. Bxg5 {[%emt 0:01:01]} Kf7 {[%emt 0:03:02]} 34. f4 {[%emt 0:01:14]} Kg6 35. Bd8 c6 {[%emt 0:05:33]} 36. fxe5 {[%emt 0:00:40]} dxe5 37. Bxb6 {[%emt 0:05:50]} axb6 {[%emt 0:01:37]} 38. b4 {[%emt 0:00:08]} cxd5 {[%emt 0:01:23]} 39. cxd5 Kf5 40. b5 {[%emt 0:01:40]} e4 {[%emt 0:01:04]} 41. Ke3 Ke5 {[%emt 0:00:14]} 42. d6 {[%emt 0:00:22]} Kxd6 {[%emt 0:00:06]} 43. Kxe4 {[%emt 0:00:05]} Ke6 44. a3 {[%emt 0:01:43]} Kf6 {[%emt 0:02:46]} 45. Kd5 Kg6 46. Kd6 {[%emt 0:00:35]} Kxh6 {[%emt 0:00:50]} 47. Kc7 {[%emt 0:00:02]} Kg5 {[%emt 0:00:36]} 48. Kxb7 {[%emt 0:00:07]} h5 {[%emt 0:00:07]} 49. Kxb6 h4 50. Ka7 {[%emt 0:00:13]} h3 {[%emt 0:00:15]} 51. b6 {[%emt 0:00:06]} h2 {[%emt 0:00:06]} 52. b7 {[%emt 0:00:03]} h1=Q {[%emt 0:00:45]} 53. b8=Q {[%emt 0:00:00]} Qh7+ {[%emt 0:01:57]} 54. Qb7 {[%emt 0:00:48]} Qd3 {[%emt 0:00:37]} 55. Qe7+ {[%emt 0:00:31]} Kf4 {[%emt 0:00:32]} 56. Qb4+ {[%emt 0:00:41]} Kg5 {[%emt 0:00:18]} 57. a4 {[%emt 0:00:23]} Qd7+ {[%emt 0:00:16]} 58. Ka6 {[%emt 0:00:37]} Qc6+ {[%emt 0:00:13]} 59. Ka5 {[%emt 0:00:15]} Qc7+ {[%emt 0:00:11]} 60. Qb6 {[%emt 0:00:34]} Qc3+ {[%emt 0:00:11]} 61. Ka6 {[%emt 0:00:33]} Qc8+ {[%emt 0:00:16]} 62. Kb5 Qd7+ {[%emt 0:00:18]} 63. Ka5 {[%emt 0:03:00]} Kf4 {[%emt 0:00:43]} 64. Qf2+ Kg5 {[%emt 0:00:34]} 65. Qg3+ {[%emt 0:01:29]} Kf6 66. Qf4+ {[%emt 0:00:05]} Kg7 {[%emt 0:00:47]} 67. Qe5+ {[%emt 0:00:19]} Kg6 {[%emt 0:00:49]} 68. Qb5 {[%emt 0:00:18]} Qd2+ {[%emt 0:01:04]} 69. Ka6 Qg2 {[%emt 0:00:17]} 70. Qb6+ {[%emt 0:01:10]} Kf5 {[%emt 0:00:24]} 71. a5 {[%emt 0:00:02]} Qa8+ {[%emt 0:00:09]} 72. Kb5 {[%emt 0:01:00]} Qe8+ {[%emt 0:00:44]} 73. Qc6 {[%emt 0:00:39]} Qb8+ {[%emt 0:00:40]} 74. Ka6 {[%emt 0:00:36]} Kf4 75. Qb6 {[%emt 0:00:15]} Qa8+ {[%emt 0:00:43]} 76. Kb5 {[%emt 0:00:24]} Qd5+ {[%emt 0:00:02]} 77. Kb4 {[%emt 0:00:46]} Qd2+ {[%emt 0:00:59]} 78. Kc5 {[%emt 0:00:18]} Qc3+ 79. Kb5 {[%emt 0:00:07]} Qd3+ {[%emt 0:00:52]} 80. Kc6 {[%emt 0:00:22]} Qe4+ {[%emt 0:00:14]} 81. Kc7 Qe7+ {[%emt 0:00:13]} 82. Kb8 {[%emt 0:01:26]} Qe8+ {[%emt 0:00:25]} 83. Kb7 Qe4+ {[%emt 0:00:21]} 84. Ka7 {[%emt 0:01:11]} Qe7+ {[%emt 0:00:28]} 85. Ka8 {[%emt 0:00:07]} Qe8+ {[%emt 0:00:19]} 86. Qb8+ Qe5 87. Qxe5+ {[%emt 0:00:41]} Kxe5 {[%emt 0:00:35]} 88. Kb7 {[%emt 0:00:05]} Kd6 {[%emt 0:00:00]} 89. a6 {[%emt 0:00:07]} Ke5 90. a7 {[%emt 0:00:17]} Kd4 {[%emt 0:00:13]} 91. a8=Q {[%emt 0:00:30]} Ke5 {[%emt 0:00:00]} 92. Qd8 {[%emt 0:00:09]} Ke4 {[%emt 0:00:00]} 93. Qd6 {[%emt 0:00:22]} Kf5 {[%emt 0:00:00]} 94. Kc6 {[%emt 0:00:12]} Ke4 {[%emt 0:00:00]} 95. Qd5+ Ke3 96. Kc5 {[%emt 0:00:27]} Kf4 {[%emt 0:00:27]} 97. Kd4 Kg3 {[%emt 0:00:00]} 98. Qe4 {[%emt 0:00:37]} Kf2 99. Kd3 {[%emt 0:00:13]} Kg3 {[%emt 0:00:20]} 100. Ke3 {[%emt 0:00:25]} Kh2 {[%emt 0:00:00]} 101. Qg6 {[%emt 0:01:37]} Kh3 102. Kf3 Kh2 {[%emt 0:00:31]} 103. Qg2# 1-0

[Event "XLV Badalona Open 2019"]
[Site "Badalona"]
[Date "2019.08.07"]
[Round "6.10"]
[White "Flores Linan, Jose Luis"]
[Black "Fabregas Fontanet, Antonio"]
[Result "0-1"]
[WhiteElo "1852"]
[BlackElo "1942"]
[Annotator "NA"]
[PlyCount "90"]
[EventDate "2019.08.02"]
[EventType "swiss"]
[EventCountry "ESP"]
[SourceTitle "playchess.com"]
[Source "ChessBase"]
[SourceQuality "1"]
[TimeControl "5400+30"]

1. d4 Nf6 2. c4 g6 3. d5 Bg7 4. Nc3 d6 5. e4 O-O 6. Nge2 e6 7. Ng3 exd5 8. cxd5 Re8 9. Be2 h5 10. Bg5 Nbd7 11. Bb5 Nxe4 12. Ngxe4 Bxc3+ 13. bxc3 Rxe4+ 14. Be3 Ne5 15. Be2 Bg4 16. O-O Bxe2 17. Qxe2 Ng4 18. Qf3 Qh4 19. Bf4 Rae8 20. h3 Nf6 21. Bg3 Qg5 22. h4 Qf5 23. Qxf5 gxf5 24. Rfd1 Rc4 25. Rd3 Re2 26. Rf3 f4 27. Bxf4 Nxd5 28. Bg3 Ne7 29. a4 a5 30. Bf4 Ree4 31. Bg5 Ng6 32. Bd8 Kf8 33. Rb1 Ke8 34. Bf6 b6 35. Rf5 Rf4 36. Rbb5 c6 37. g3 cxb5 38. gxf4 bxa4 39. Rb5 a3 40. Rb3 Ra4 41. c4 a2 42. Ba1 Rb4 43. Re3+ Kd7 44. Re1 Rb1 45. Kf1 Nxf4 0-1

[Event "XLV Badalona Open 2019"]
[Site "Badalona"]
[Date "2019.08.08"]
[Round "7.1"]
[White "Rojas Keim, Luis"]
[Black "Umetsubo, Cesar Hidemitsu"]
[Result "1-0"]
[WhiteElo "2338"]
[BlackElo "2406"]
[Annotator "NA"]
[PlyCount "95"]
[EventDate "2019.08.02"]
[EventType "swiss"]
[EventCountry "ESP"]
[SourceTitle "playchess.com"]
[Source "ChessBase"]
[SourceQuality "1"]
[TimeControl "5400+30"]

1. e4 {[%emt 0:00:00]} e5 {[%emt 0:00:00]} 2. Nf3 {[%emt 0:00:00]} Nf6 {[%emt 0:00:00]} 3. Nxe5 {[%emt 0:00:21]} d6 {[%emt 0:00:00]} 4. Nf3 {[%emt 0:00:05]} Nxe4 {[%emt 0:00:01]} 5. d4 {[%emt 0:00:03]} d5 {[%emt 0:00:12]} 6. Bd3 {[%emt 0:00:05]} Nc6 {[%emt 0:00:32]} 7. O-O {[%emt 0:00:07]} Be7 8. Nc3 {[%emt 0:00:56]} Nxc3 {[%emt 0:06:00]} 9. bxc3 {[%emt 0:00:29]} O-O {[%emt 0:10:21]} 10. h3 {[%emt 0:02:40]} Be6 {[%emt 0:05:56]} 11. Rb1 {[%emt 0:02:41]} b6 {[%emt 0:04:23]} 12. Re1 h6 {[%emt 0:00:18]} 13. Bf4 {[%emt 0:06:53]} Bd6 {[%emt 0:04:19]} 14. Ne5 {[%emt 0:02:06]} Nxe5 {[%emt 0:01:38]} 15. dxe5 {[%emt 0:01:51]} Bc5 {[%emt 0:14:10]} 16. Qh5 {[%emt 0:02:04]} f5 {[%emt 0:02:57]} 17. Bxh6 {[%emt 0:05:27]} Qe8 {[%emt 0:02:38]} 18. Qxe8 {[%emt 0:02:50]} Raxe8 {[%emt 0:05:39]} 19. Bg5 {[%emt 0:05:13]} c6 {[%emt 0:02:27]} 20. g3 {[%emt 0:04:11]} b5 21. a4 {[%emt 0:00:07]} bxa4 {[%emt 0:05:54]} 22. Ra1 {[%emt 0:01:35]} a3 {[%emt 0:06:52]} 23. Bc1 Rf7 {[%emt 0:00:21]} 24. Bxa3 {[%emt 0:01:00]} Bb6 {[%emt 0:05:58]} 25. Bd6 {[%emt 0:04:25]} g5 {[%emt 0:01:45]} 26. Kg2 Rh7 {[%emt 0:00:24]} 27. g4 {[%emt 0:09:52]} Rf7 {[%emt 0:02:25]} 28. f3 {[%emt 0:06:38]} c5 {[%emt 0:02:42]} 29. Rab1 Kg7 {[%emt 0:00:05]} 30. gxf5 {[%emt 0:05:43]} Bxf5 {[%emt 0:00:01]} 31. Bxf5 {[%emt 0:03:07]} Rxf5 {[%emt 0:12:10]} 32. Rb5 d4 {[%emt 0:00:06]} 33. Bxc5 {[%emt 0:05:09]} dxc3 34. Bxb6 {[%emt 0:01:35]} axb6 {[%emt 0:00:39]} 35. Re3 {[%emt 0:02:22]} Re6 {[%emt 0:01:21]} 36. Kg3 {[%emt 0:04:16]} Rc6 {[%emt 0:00:36]} 37. Kg4 {[%emt 0:01:11]} Kg6 38. Rb3 Rf4+ {[%emt 0:02:24]} 39. Kg3 {[%emt 0:00:34]} Kf5 {[%emt 0:00:00]} 40. e6 {[%emt 0:02:18]} Rxe6 {[%emt 0:00:00]} 41. Rxe6 {[%emt 0:00:38]} Kxe6 {[%emt 0:00:00]} 42. Rxb6+ {[%emt 0:01:28]} Ke5 {[%emt 0:00:37]} 43. Rb5+ {[%emt 0:00:06]} Kd4 44. Rxg5 {[%emt 0:00:07]} Rf8 {[%emt 0:00:37]} 45. Kf2 {[%emt 0:00:12]} Rh8 {[%emt 0:00:41]} 46. Rg4+ {[%emt 0:05:11]} Kc5 47. h4 {[%emt 0:00:05]} Rd8 {[%emt 0:00:23]} 48. Rg2 1-0